Language Quiz

Random Language or Letter Quiz

Drop an R Quiz Stats

 Plays Quiz Updated Feb 3, 2015

Also try: Drop a B
Challenge
Share
Tweet
Embed
Score 0/15 Timer 03:00
2 Plays Today
% Correct
PHRASE
94.6%
LUSTRING
92.9%
FURRY
90.5%
SWARM
90.4%
PROSTRATE
88.6%
WRENCH
88.3%
RELAPSE
87%
SCRUMMIER
77.2%
% Correct
REJECT
72.9%
OVERRATE
68.2%
DEMURRER
62.6%
WRANGLE
61.4%
MURRINE
53%
OCHRE
47.7%
RECURRED
39.7%

You're not logged in!

Compare scores with friends on all Sporcle quizzes.
OR
Log In

You Might Also Like...

Show Comments

Extras

Top Quizzes Today


Score Distribution

Your Account Isn't Verified!

In order to create a playlist on Sporcle, you need to verify the email address you used during registration. Go to your Sporcle Settings to finish the process.

Report this User

Report this user for behavior that violates our Community Guidelines.

Details: